|
|
|
|
| LEADER |
01694cas a2200241 a 4500 |
| 001 |
AALejournalIMF007764 |
| 008 |
230101c9999 xx r poo 0 0eng d |
| 020 |
|
|
|c 5.00 USD
|
| 020 |
|
|
|z 9781451977752
|
| 022 |
|
|
|a 1018-5941
|
| 040 |
|
|
|a BD-DhAAL
|c BD-DhAAL
|
| 110 |
2 |
|
|a International Monetary Fund.
|
| 245 |
1 |
4 |
|a The Current Account in Perspective :
|b Lessons from the Italian Experience.
|
| 264 |
|
1 |
|a Washington, D.C. :
|b International Monetary Fund,
|c 1990.
|
| 300 |
|
|
|a 1 online resource (38 pages)
|
| 490 |
1 |
|
|a IMF Working Papers
|
| 500 |
|
|
|a <strong>Off-Campus Access:</strong> No User ID or Password Required
|
| 500 |
|
|
|a <strong>On-Campus Access:</strong> No User ID or Password Required
|
| 506 |
|
|
|a Electronic access restricted to authorized BRAC University faculty, staff and students
|
| 520 |
3 |
|
|a This paper draws some lessons about policies toward the current account from Italy's balance of payments history between 1960 and 1988. The key role of speculative capital flows during every major episode of external imbalance brings out the limitations of exchange rate rules that focus exclusively on the current account. Simple saving-investment rules would also have failed to avert Italy's balance of payments crises. These arose in the context of widening current deficits due to a rising investment ratio and/or a widening private imbalance, which should have been self-correcting according to the commonly proposed saving-investment rules.
|
| 538 |
|
|
|a Mode of access: Internet
|
| 830 |
|
0 |
|a IMF Working Papers; Working Paper ;
|v No. 1990/037
|
| 856 |
4 |
0 |
|z Full text available on IMF
|u http://elibrary.imf.org/view/journals/001/1990/037/001.1990.issue-037-en.xml
|z IMF e-Library
|